[Event "Valby K41 Spring-C"]
[Site "Valby"]
[Date "2009.05.12"]
[Round "7"]
[White "Mikkelsen, Henning Peter"]
[Black "Holbech, Simon"]
[Result "0-1"]
[WhiteElo "1337"]
[BlackElo "1200"]
[PlyCount "36"]
[EventDate "2009.03.17"]
[EventType "swiss"]
[EventRounds "7"]
[EventCountry "DEN"]
[SourceTitle "EXT 2023"]
[Source "ChessBase"]
[SourceDate "2022.10.05"]
[SourceVersion "1"]
[SourceVersionDate "2022.10.05"]
[SourceQuality "1"]

1. d4 d5 2. e4 dxe4 3. Nc3 Nf6 4. f3 exf3 5. Nxf3 e6 6. Bg5 Be7 7. Bd3 Bd7 8. 0-0 c5 9. Kh1 cxd4 10. Nxd4 Nc6 11. Nf3 Nb4 12. Bc4 Qc7 13. Bb3 Bc6 14. Qe1 Ng4 15. Qh4 Bxg5 16. Qxg5 Bxf3 17. Qh5 Nf2+ 18. Rxf2 Bxh5 0-1

[Event "Valby K41 Spring-C"]
[Site "Valby"]
[Date "2009.04.28"]
[Round "5"]
[White "Gjelstrup, Ole"]
[Black "Holbech, Simon"]
[Result "1/2-1/2"]
[WhiteElo "1347"]
[BlackElo "1200"]
[PlyCount "85"]
[EventDate "2009.03.17"]
[EventType "swiss"]
[EventRounds "7"]
[EventCountry "DEN"]
[SourceTitle "EXT 2023"]
[Source "ChessBase"]
[SourceDate "2022.10.05"]
[SourceVersion "1"]
[SourceVersionDate "2022.10.05"]
[SourceQuality "1"]

1. d4 d5 2. Nf3 Bf5 3. b3 Nf6 4. Nbd2 e6 5. Bb2 c5 6. e3 Be7 7. Bb5+ Nc6 8. Bxc6+ bxc6 9. 0-0 Rb8 10. Ne5 Qc7 11. c4 0-0 12. f4 Nd7 13. g4 Nxe5 14. dxe5 Bd3 15. Rf2 dxc4 16. Nxc4 Be4 17. Qf1 Rbd8 18. Qh3 Rd7 19. f5 exf5 20. gxf5 f6 21. Qg4 Bd3 22. Rg2 Bd8 23. Rd1 Bxc4 24. Rxd7 Qxd7 25. bxc4 Qc7 26. e6 Re8 27. Ba3 Re7 28. e4 Qa5 29. Qg3 Bc7 30. Qe3 Bb6 31. Rd2 g6 32. Qd3 Kf8 33. Bb2 gxf5 34. exf5 Rg7+ 35. Kf1 Bc7 36. Bxf6 Rg4 37. Qd7 Rf4+ 38. Rf2 Rxf2+ 39. Kxf2 Qxa2+ 40. Kf3 Qb3+ 41. Kf2 Qc2+ 42. Ke3 Qc1+ 43. Kf2 1/2-1/2